00478nam a2200169 a 450000100060000000300090000600800410001502000150005604000280007108200180009910000450011724500510016226000550021330000140026865000090028265000170029110541CO-ViMGA141112s2004 ck r 000 u spa d a9589523765 aCO-ViMGAbspacCO-ViMGA04a927.9182 C37i1 aIragorri ; Juan Carlos, Bernate German, 10aCesar Rincon : bPerfil de un Hombre con casta aSantafé de Bogotá : bEdicciones Gamma, c1991 a242p..il.14a196514aRINCON CESAR